000 00616nam a22002297a 4500
003 UA-OsUOA
001 93587
007 ta
008 20130123b un ||||| |||| 00| 0 ukr d
100 _aВалишин Р.
090 _a821.511.1
_bВ15
942 _cBK
040 _aUA-OsUOA
_brus
_cUA-OsUOA
_dUA-OsUOA
245 _aГора ветров
_bповесть, рассказы
300 _a240 с.
955 _a3
041 _arus
080 _a821.511.1
260 _aМ.
_bСовременник
_c1985
650 7 _a82 Література. Літературознавство
_2UDC
999 _c379837
_d379837